000 00483nam a2200181Ia 4500
001 17428
005 20260306171516.0
008 260306s9999||||xx |||||||||||||| ||und||
041 _aESP
082 _a658
_bB141 V. 16
100 _aRenart, LL. G.
_eAUT
245 0 _aConsorcios para la exportación, en busca del mejor aliado:
_ben busca del mejor aliado
260 _c1997
300 _a109 pƔginas :
_c25 cm.
650 _aGEN
654 _aCAN
942 _cLIB
_dJUS
_fJUS
_2ddc
_n
999 _c17428
_d17428